000
00294nam a22001337a 4500
008
181218b xxu||||| |||| 00| 0 eng d
020
_a
0394706714
041
_a
eng
080
_a
616.073
100
_a
6
101
_a
GJEN
245
_a
The Possible & The Actual
_c
Jacob,F
942
_2
udc
_c
BK
999
_c
53354
_d
53354